000 01591nam a2200277 a 4500
001 BRCA_8636
005 20190320210343.0
008 220916s1791----mx-#######---#000-0#spa-#
041 _aspa
044 _amx
050 4 _aNA9068
_b.R44
_c1791
245 1 0 _aReglamento para los mercados de México formado de orden del exmo. señor virrey conde de revillagigedo especialmente para el principal establecimiento en la plaza del volador.
260 _aMéxico
_bDon Felipe de Zuñiga y Ontiveros
_c1791
300 _a10 p.
_c30 cm
500 _aFondo antiguo
500 _aSe encuentra en Caja Fuerte
500 _aD-127?
500 _aEstado físico: deteriorado, hojas desprendidas
500 _aNota de encuadernación: carpeta de piel de becerro
505 0 _aCaperta que contiene otros documentos: Cuaderno 3° Real Provisión librada a fabor del 3er Dn Franco Maldonado Zapata contra el Dr Domingo de Apresa y Moctezuma.-- R. Tribunal importante cuerpo de la minería de N. E. y ha de ser tenido y atendido por.-- Titulos de ntra casitas hubicada en el Barrio de Santiago perteneciente a Dn Alejo Antonio Suarez.-- Los inquisidores apostolicos contra la hereterica pravedad y postaría en esta ciudad de México. Estados y provincias de esta Nueva España, Guatemala, Nicaragua, Islas Philipinas y su distrito por autoridad apostolica, Real y Ordinaria, & c.
506 0 _aFondo reservado: para su consulta es necesario credencial de usuario y carta de motivos
650 1 4 _aPlazas
_zMéxico
_93120
650 1 4 _aHistoria
_zMéxico
_910416
902 _aLAR
942 _2lcc
_cB
999 _c8296
_d8296